书目信息

书名: 二级注册建筑师资格考试法律法规、经济、施工模拟知识题 
作者: 任乃鑫 主编
出版信息: 大连   大连理工大学出版社  2019.2
开本页数: 29cm  440页
丛书名:
单 册:
中图分类: TU
科图分类:
主题词: 建筑师--jian zhu shi--资格考试--试题
电子资源:
ISBN: 978-7-5685-1895-6
000 01100nam0 2200241 450
001 012019000610
005 20190906165034.8
010    @a978-7-5685-1895-6@dCNY88.00
100    @a20190306d2019 em y0chiy50 ea
101 @achi
102    @aCN@b210000
105    @aak a 000yy
106    @ar
200 @a二级注册建筑师资格考试法律法规、经济、施工模拟知识题@Aer ji zhu ce jian zhu shi zi ge kao shi fa lv fa gui 、jing ji 、shi gong mo ni zhi shi ti@f主编任乃鑫
210    @a大连@c大连理工大学出版社@d2019.2
215    @a440页@c图@d29cm
320    @a有书目 (第436-437页)
330    @a本书是为参加二级注册建筑师资格考试人员而编写的注册建筑师资格考试建筑法律法规、经济、施工、场地设计、建筑设计和建筑构造的模拟知识题集, 基本上包括了本科目考试所有知识点, 具有内容全面、重点突出的特点。本书每道习题均采用单选题形式, 并附有参考性解答与答案。在2000多道题 (95%左右为历年考试真题), 帮助考生顺利通过考试。
606 @a建筑师@Ajian zhu shi@x资格考试@j试题
690    @aTU@v5
701  0 @a任乃鑫@Aren nai xin@4主编
801  0 @aCN@b湖北三新@c20190906
905    @aCDNYKJZYXY@b300601701-2@dTU@e589@f2
    
    二级注册建筑师资格考试法律法规、经济、施工模拟知识题/主编任乃鑫.-大连:大连理工大学出版社,2019.2
    440页:图;29cm
    
    
    ISBN 978-7-5685-1895-6:CNY88.00
    本书是为参加二级注册建筑师资格考试人员而编写的注册建筑师资格考试建筑法律法规、经济、施工、场地设计、建筑设计和建筑构造的模拟知识题集, 基本上包括了本科目考试所有知识点, 具有内容全面、重点突出的特点。本书每道习题均采用单选题形式, 并附有参考性解答与答案。在2000多道题 (95%左右为历年考试真题), 帮助考生顺利通过考试。
相关链接 在五车中查询图书 在当当中查询图书 在豆瓣中查询图书


正题名:二级注册建筑师资格考试法律法规、经济、施工模拟知识题     索取号:TU/589         预约/预借

序号 登录号 条形码 馆藏地/架位号 状态 备注
1 601701   300601701   柳城-5楼/33架8列2层/ [索取号:TU/589] 在馆    
2 601702   300601702   柳城-5楼/33架8列2层/ [索取号:TU/589] 在馆